[Event "FIDE Open World Blitz 2021"]
[Site "Warsaw"]
[Date "2021.12.29"]
[Round "2.34"]
[White "Yunusov, Mukhammad"]
[Black "Christiansen, Johan-Sebastian"]
[Result "0-1"]
[WhiteElo "1874"]
[BlackElo "2593"]
[Annotator "ChessBase"]
[PlyCount "96"]
[EventDate "2021.12.29"]
[EventType "swiss"]
[EventCountry "POL"]
[Tiebreak "Cut1 Buchholz"]
[SourceTitle "playchess.com"]
[Source "ChessBase"]
[SourceQuality "1"]

1. d4 d5 2. Nf3 Nf6 3. Bf4 c5 4. e3 Nc6 5. Nbd2 cxd4 6. exd4 Bf5 7. c3 e6 8.
Qb3 Bd6 9. Bg3 Rb8 10. Be2 O-O 11. O-O Qc7 12. Nh4 Bg6 13. Nxg6 hxg6 14. Nf3
Rfc8 15. Rfe1 b5 16. Bd3 b4 17. Qc2 Bxg3 18. hxg3 bxc3 19. bxc3 Nb4 20. cxb4
Qxc2 21. Bxc2 Rxc2 22. a3 Ne4 23. Rf1 Rbc8 24. Ne5 g5 25. b5 Nc3 26. a4 Ne2+
27. Kh1 f6 28. Ng4 Kf7 29. Rfe1 Nxd4 30. Re3 Rh8+ 31. Kg1 Ne2+ 32. Rxe2 Rxe2
33. Ne3 Rc8 34. a5 Rb2 35. b6 axb6 36. axb6 Rxb6 37. Ra7+ Kg6 38. Re7 d4 39.
Ng4 d3 40. Rd7 Rb3 41. f3 Rc2 42. Ne3 Re2 43. Nc4 Rc3 44. Nd6 d2 45. Ne8 Re1+
46. Kh2 d1=Q 47. Rxg7+ Kh6 48. Rg8 Rh1# 0-1

[Event "FIDE Open World Blitz 2021"]
[Site "Warsaw"]
[Date "2021.12.29"]
[Round "2.35"]
[White "Janik, Igor"]
[Black "Gluszko, Tomasz"]
[Result "1-0"]
[WhiteElo "2508"]
[BlackElo "2086"]
[Annotator "ChessBase"]
[PlyCount "83"]
[EventDate "2021.12.29"]
[EventType "swiss"]
[EventCountry "POL"]
[Tiebreak "Cut1 Buchholz"]
[SourceTitle "playchess.com"]
[Source "ChessBase"]
[SourceQuality "1"]

1. d4 Nf6 2. c4 e5 3. dxe5 Ng4 4. e3 Nxe5 5. f4 Nec6 6. Nf3 Bb4+ 7. Kf2 d6 8.
a3 Bc5 9. b4 Bb6 10. Nc3 a5 11. b5 Ne7 12. Bd3 Nd7 13. Na4 Nc5 14. Nxb6 cxb6
15. e4 Bg4 16. Re1 O-O 17. Bf1 f5 18. exf5 Nxf5 19. Bb2 Qd7 20. Kg1 Rae8 21.
Qd5+ Qf7 22. Qxf7+ Kxf7 23. Ng5+ Kg8 24. h3 h6 25. hxg4 hxg5 26. gxf5 gxf4 27.
f6 gxf6 28. Rxe8 Rxe8 29. Rd1 f3 30. gxf3 Re3 31. Rxd6 Rxf3 32. Rxf6 Rb3 33.
Bd4 Rxa3 34. Rxb6 Ne4 35. Rxb7 Rg3+ 36. Bg2 a4 37. Kh2 Rg4 38. Ra7 Nd2 39. Bd5+
Kf8 40. Bc5+ Ke8 41. Bc6+ Kd8 42. Bb6+ 1-0

[Event "FIDE Open World Blitz 2021"]
[Site "Warsaw"]
[Date "2021.12.29"]
[Round "2.35"]
[White "Czarnota, Pawel"]
[Black "Nakamura, Hikaru"]
[Result "0-1"]
[WhiteElo "2502"]
[BlackElo "2736"]
[Annotator "ChessBase"]
[PlyCount "113"]
[EventDate "2021.12.29"]
[EventType "swiss"]
[EventCountry "POL"]
[Tiebreak "Cut1 Buchholz"]
[SourceTitle "playchess.com"]
[Source "ChessBase"]
[SourceQuality "1"]

1. e4 g6 2. d4 Bg7 3. Nc3 a6 4. a4 d6 5. Nf3 Bg4 6. Be2 Nc6 7. Be3 Nf6 8. O-O
Nd7 9. d5 Nb4 10. Bd4 Nf6 11. a5 c5 12. dxc6 Nxc6 13. Bb6 Qd7 14. h3 Bxf3 15.
Bxf3 O-O 16. Nd5 Rac8 17. c3 Ne5 18. Nxf6+ Bxf6 19. Qe2 Nxf3+ 20. Qxf3 Qb5 21.
Rab1 Rc6 22. Rfd1 Rfc8 23. Qd3 Rc4 24. Qd5 Qc6 25. Qxc6 R8xc6 26. f3 Kf8 27.
Kf2 Ke8 28. Ke3 Kd7 29. Bd4 Bg5+ 30. Ke2 Rc8 31. b3 R4c6 32. c4 f5 33. exf5
gxf5 34. g4 e5 35. Bf2 Ke6 36. Rd5 Rf8 37. Rbd1 Be7 38. Be3 h5 39. Rg1 hxg4 40.
hxg4 f4 41. Bf2 Rh8 42. Rdd1 Bd8 43. Rd5 Rh2 44. Kf1 Be7 45. Rg2 Rh3 46. Ke2 e4
47. Rg1 exf3+ 48. Kd3 Rh2 49. Rf1 Rc8 50. Ke4 Rf8 51. Bd4 Rh4 52. g5 Rg4 53.
Rxf3 Bxg5 54. c5 Be7 55. b4 Rg2 56. cxd6 Re2+ 57. Kd3 0-1

[Event "FIDE Open World Blitz 2021"]
[Site "Warsaw"]
[Date "2021.12.29"]
[Round "2.36"]
[White "Artemiev, Vladislav"]
[Black "Volokitin, Andrei"]
[Result "0-1"]
[WhiteElo "2699"]
[BlackElo "2656"]
[Annotator "ChessBase"]
[PlyCount "90"]
[EventDate "2021.12.29"]
[EventType "swiss"]
[EventCountry "POL"]
[Tiebreak "Cut1 Buchholz"]
[SourceTitle "playchess.com"]
[Source "ChessBase"]
[SourceQuality "1"]

1. d4 Nf6 2. Bg5 e6 3. Nd2 h6 4. Bh4 c5 5. e3 d5 6. Ngf3 Be7 7. c3 O-O 8. Bd3
Qb6 9. Rb1 Bd7 10. a4 Nc6 11. O-O Qc7 12. Bg3 Bd6 13. dxc5 Bxg3 14. hxg3 a5 15.
b4 Ne7 16. Ra1 e5 17. e4 Rad8 18. Qc2 dxe4 19. Nxe4 Nxe4 20. Bxe4 f5 21. Bd3
Kh8 22. Bc4 Bc6 23. Nd2 e4 24. Nb3 axb4 25. cxb4 f4 26. gxf4 Qxf4 27. Rae1 Nf5
28. b5 Nh4 29. Re3 Nf3+ 30. Rxf3 exf3 31. g3 Qg4 32. Re1 Rde8 33. Rxe8 Rxe8 34.
Bf1 Re1 35. Qd2 Rb1 36. Qd8+ Kh7 37. Qd3+ Be4 38. Qc4 Qg6 39. Nd2 Bd3 40. Qc3
Rd1 41. c6 Bxf1 42. Nxf1 bxc6 43. bxc6 Qf5 44. c7 Qh3 45. Qc2+ g6 0-1

[Event "FIDE Open World Blitz 2021"]
[Site "Warsaw"]
[Date "2021.12.29"]
[Round "2.36"]
[White "Gukesh D"]
[Black "Laith, Kasib"]
[Result "1-0"]
[WhiteElo "2621"]
[BlackElo "2010"]
[Annotator "ChessBase"]
[PlyCount "59"]
[EventDate "2021.12.29"]
[EventType "swiss"]
[EventCountry "POL"]
[Tiebreak "Cut1 Buchholz"]
[SourceTitle "playchess.com"]
[Source "ChessBase"]
[SourceQuality "1"]

1. d4 d6 2. c4 Nf6 3. Nf3 g6 4. Nc3 Bg7 5. e4 O-O 6. Be2 e5 7. O-O Nc6 8. d5
Ne7 9. Ne1 Nd7 10. Nd3 f5 11. f3 Nf6 12. c5 Kh8 13. b4 f4 14. a4 g5 15. Kh1 Ng6
16. Rg1 h5 17. g3 g4 18. Ra2 gxf3 19. Bxf3 Ng4 20. h3 fxg3 21. Rxg3 Qh4 22. Qe1
Nf4 23. Nxf4 exf4 24. Bxf4 Rxf4 25. Qg1 Bxc3 26. Rh2 Bd4 27. Qxd4+ Ne5 28. Qg1
Bd7 29. Be2 Raf8 30. Rhg2 1-0

[Event "FIDE Open World Blitz 2021"]
[Site "Warsaw"]
[Date "2021.12.29"]
[Round "2.37"]
[White "Caruana, Fabiano"]
[Black "Najer, Evgeniy"]
[Result "1/2-1/2"]
[WhiteElo "2791"]
[BlackElo "2654"]
[Annotator "RC"]
[PlyCount "130"]
[EventDate "2021.12.29"]
[EventType "swiss"]
[EventCountry "POL"]
[Tiebreak "Cut1 Buchholz"]
[SourceTitle "playchess.com"]
[Source "ChessBase"]
[SourceQuality "1"]

1. Nf3 d5 2. e3 c5 3. b3 a6 4. Bb2 Nc6 5. Be2 d4 6. O-O e5 7. a4 Bd6 8. Na3 Nf6
9. Nc4 O-O 10. exd4 exd4 11. Re1 Bc7 12. Ba3 b6 13. h3 Re8 14. a5 b5 15. Nb6
Bxb6 16. axb6 Qxb6 17. Bd3 Bb7 18. Rxe8+ Rxe8 19. Qf1 Ne5 20. Nxe5 Rxe5 21. Re1
Rg5 22. f3 Qd6 23. Qf2 h6 24. Bf1 Bc6 25. d3 Re5 26. Qg3 Nd7 27. Bc1 Qe7 28.
Bxh6 f6 29. Rxe5 Nxe5 30. Bd2 b4 31. h4 Qf7 32. Bf4 Qe8 33. Qh2 a5 34. h5 a4
35. bxa4 Bxa4 36. h6 g5 37. h7+ Kh8 38. Bg3 Bxc2 39. Qh6 Ng6 40. f4 gxf4 41.
Bxf4 b3 42. Bc1 Qf7 43. Qh3 Qxh7 44. Qc8+ Qg8 45. Qxc5 Qd8 46. Qh5+ Kg7 47.
Qh6+ Kf7 48. Qh7+ Ke6 49. Qxg6 Qa5 50. Qe4+ Qe5 51. Qxe5+ fxe5 52. Kf2 Kf5 53.
Be2 e4 54. dxe4+ Kxe4 55. Ke1 Ke5 56. Bf3 Be4 57. Ke2 Bxf3+ 58. gxf3 Kd5 59.
Kd3 Ke5 60. f4+ Kf5 61. Bd2 Kg4 62. Bc1 Kf5 63. Bd2 Kg4 64. Bc1 b2 65. Bxb2
Kxf4 1/2-1/2

[Event "FIDE Open World Blitz 2021"]
[Site "Warsaw"]
[Date "2021.12.29"]
[Round "2.37"]
[White "Elier, Ali"]
[Black "Suleymanli, Aydin"]
[Result "0-1"]
[WhiteElo "2194"]
[BlackElo "2541"]
[Annotator "ChessBase"]
[PlyCount "45"]
[EventDate "2021.12.29"]
[EventType "swiss"]
[EventCountry "POL"]
[Tiebreak "Cut1 Buchholz"]
[SourceTitle "playchess.com"]
[Source "ChessBase"]
[SourceQuality "1"]

1. e4 c6 2. Nc3 d5 3. d4 dxe4 4. Nxe4 Bf5 5. Nc5 b6 6. Nb3 e6 7. Nf3 Nd7 8. Bd3
Bg4 9. h3 Bh5 10. O-O Bd6 11. Re1 Ne7 12. Bg5 Qc7 13. c4 O-O 14. Rc1 c5 15. d5
f6 16. dxe6 Ne5 17. Bh4 Nxf3+ 18. gxf3 g5 19. Kh1 gxh4 20. Be4 Rad8 21. Rg1+
Kh8 22. Qc2 Be5 23. Nd2 0-1

[Event "FIDE Open World Blitz 2021"]
[Site "Warsaw"]
[Date "2021.12.29"]
[Round "2.38"]
[White "Nepomniachtchi, Ian"]
[Black "Saric, Ivan"]
[Result "1-0"]
[WhiteElo "2782"]
[BlackElo "2665"]
[Annotator "TA"]
[PlyCount "113"]
[EventDate "2021.12.29"]
[EventType "swiss"]
[EventCountry "POL"]
[Tiebreak "Cut1 Buchholz"]
[SourceTitle "playchess.com"]
[Source "ChessBase"]
[SourceQuality "1"]

1. e4 c5 2. Nf3 d6 3. d4 cxd4 4. Nxd4 Nf6 5. Nc3 a6 6. Rg1 e5 7. Nb3 Be6 8. g4
d5 9. exd5 Nxd5 10. Bg5 f6 11. Nxd5 Qxd5 12. Qxd5 Bxd5 13. Be3 Nc6 14. O-O-O
O-O-O 15. Bb6 Rd6 16. g5 f5 17. Rg3 Be6 18. Re1 Be7 19. Bc5 Rd7 20. Bxe7 Rxe7
21. Nc5 Bf7 22. Rc3 Kc7 23. Nd3 Kb6 24. Bg2 e4 25. Nf4 g6 26. a3 h6 27. Rh3
hxg5 28. Nd5+ Bxd5 29. Rxh8 g4 30. h3 Ne5 31. Rh6 gxh3 32. Bxh3 Bc6 33. b3 a5
34. a4 Kc5 35. Rh8 Nf3 36. Re3 Kb6 37. Bg2 Ne5 38. Re1 Rd7 39. Rd1 Rc7 40. Bf1
Ng4 41. Rd2 Re7 42. Rg8 Ne5 43. Rh8 Ng4 44. Bh3 Ne5 45. Bf1 Ng4 46. Bc4 Ne5 47.
Bb5 f4 48. Rf8 f3 49. Bxc6 Nxc6 50. Rd6 g5 51. Rg6 Re5 52. Kd2 Kc5 53. Ke3 Nb4
54. Rc8+ Nc6 55. c3 Re7 56. Rxg5+ Kb6 57. Rg4 1-0

[Event "FIDE Open World Blitz 2021"]
[Site "Warsaw"]
[Date "2021.12.29"]
[Round "2.39"]
[White "Giri, Anish"]
[Black "Ponkratov, Pavel"]
[Result "1-0"]
[WhiteElo "2774"]
[BlackElo "2662"]
[Annotator "TA"]
[PlyCount "111"]
[EventDate "2021.12.29"]
[EventType "swiss"]
[EventCountry "POL"]
[Tiebreak "Cut1 Buchholz"]
[SourceTitle "playchess.com"]
[Source "ChessBase"]
[SourceQuality "1"]

1. Nf3 Nf6 2. c4 c5 3. Nc3 e6 4. e3 b6 5. d4 cxd4 6. exd4 Bb4 7. Bd3 Bb7 8. O-O
O-O 9. Bg5 h6 10. Bh4 Be7 11. Qe2 Bxf3 12. Qxf3 Nc6 13. Ne2 d5 14. Rad1 Nb4 15.
Bxf6 Bxf6 16. cxd5 Nxd3 17. Rxd3 Qxd5 18. Qxd5 exd5 19. Rc1 Rac8 20. Rdc3 Rxc3
21. Rxc3 Re8 22. Kf1 Re7 23. Rc8+ Kh7 24. a4 g6 25. b3 Rd7 26. Ke1 Kg7 27. Kd2
Be7 28. Kd3 Kf6 29. Rc6+ Kg7 30. h3 h5 31. Nc3 Bb4 32. Nb5 Re7 33. Rc7 Re1 34.
Rxa7 Rd1+ 35. Ke2 Rd2+ 36. Ke3 Rb2 37. Nc7 Rxb3+ 38. Ke2 Bc3 39. g4 hxg4 40.
hxg4 Kf8 41. Ra8+ Kg7 42. Ra7 Kf8 43. Nb5 Rb2+ 44. Kd3 Bd2 45. Nd6 Bb4 46.
Rxf7+ Kg8 47. Rf6 Kg7 48. Ne8+ Kh6 49. Rxb6 Rb3+ 50. Ke2 Kg5 51. Nf6 Ra3 52.
Nh7+ Kf4 53. Rxb4 Ra2+ 54. Ke1 Kxg4 55. Nf6+ Kf5 56. Nxd5 1-0

[Event "FIDE Open World Blitz 2021"]
[Site "Warsaw"]
[Date "2021.12.29"]
[Round "2.40"]
[White "Berchtenbreiter, Maximilian"]
[Black "Erigaisi Arjun"]
[Result "0-1"]
[WhiteElo "2506"]
[BlackElo "2627"]
[Annotator "ChessBase"]
[PlyCount "87"]
[EventDate "2021.12.29"]
[EventType "swiss"]
[EventCountry "POL"]
[Tiebreak "Cut1 Buchholz"]
[SourceTitle "playchess.com"]
[Source "ChessBase"]
[SourceQuality "1"]

1. e4 c5 2. Nf3 d6 3. d4 cxd4 4. Nxd4 Nf6 5. Nc3 a6 6. Bg5 e6 7. Qe2 Be7 8. f4
h6 9. Bxf6 Bxf6 10. O-O-O Qc7 11. Qd2 O-O 12. g4 b5 13. a3 Bb7 14. h4 Nc6 15.
Nxc6 Qxc6 16. Qxd6 Bxc3 17. Qxc6 Bxc6 18. bxc3 Bxe4 19. Rh3 Rfd8 20. Bd3 Bd5
21. Kb2 Kf8 22. Re3 Rac8 23. g5 Rc5 24. Be4 Ke7 25. Red3 hxg5 26. hxg5 g6 27.
Rd4 Rd7 28. R1d3 Rc4 29. Rxc4 bxc4 30. Rd4 Kd6 31. Bf3 Rd8 32. Be2 Rb8+ 33. Kc1
Kc5 34. Bd1 a5 35. Be2 Rh8 36. Kd2 Rh1 37. Bd1 Rh2+ 38. Ke3 Rg2 39. Be2 Rg3+
40. Kd2 e5 41. fxe5 Rxg5 42. Rf4 Rxe5 43. Rf6 Be6 44. Rf4 0-1

[Event "FIDE Open World Blitz 2021"]
[Site "Warsaw"]
[Date "2021.12.29"]
[Round "2.41"]
[White "Rapport, Richard"]
[Black "Yuffa, Daniil"]
[Result "1-0"]
[WhiteElo "2763"]
[BlackElo "2567"]
[Annotator "ChessBase"]
[PlyCount "55"]
[EventDate "2021.12.29"]
[EventType "swiss"]
[EventCountry "POL"]
[Tiebreak "Cut1 Buchholz"]
[SourceTitle "playchess.com"]
[Source "ChessBase"]
[SourceQuality "1"]

1. e4 Nf6 2. e5 Nd5 3. d4 d6 4. Nf3 dxe5 5. Nxe5 c6 6. Qf3 Be6 7. c3 Nd7 8. Nd3
g6 9. Be2 Bg7 10. O-O O-O 11. Nd2 Bf5 12. Nc4 Bxd3 13. Bxd3 e5 14. dxe5 Nxe5
15. Nxe5 Bxe5 16. Bc2 Re8 17. Bb3 Qd6 18. g3 Qc5 19. Be3 Qa5 20. Rad1 Rad8 21.
Bg5 Rd6 22. Rfe1 Qc7 23. c4 Nb4 24. Rxd6 Qxd6 25. c5 Qc7 26. Bf4 Na6 27. Bxe5
Rxe5 28. Rxe5 1-0

[Event "FIDE Open World Blitz 2021"]
[Site "Warsaw"]
[Date "2021.12.29"]
[Round "2.42"]
[White "Dvirnyy, Danyyil"]
[Black "Wojtaszek, Radoslaw"]
[Result "1/2-1/2"]
[WhiteElo "2493"]
[BlackElo "2700"]
[Annotator "ChessBase"]
[PlyCount "103"]
[EventDate "2021.12.29"]
[EventType "swiss"]
[EventCountry "POL"]
[Tiebreak "Cut1 Buchholz"]
[SourceTitle "playchess.com"]
[Source "ChessBase"]
[SourceQuality "1"]

1. Nf3 d5 2. g3 c6 3. Bg2 Bg4 4. c4 e6 5. cxd5 Bxf3 6. Bxf3 cxd5 7. O-O Nc6 8.
d4 Nf6 9. Nc3 Be7 10. e3 O-O 11. Bg2 Rc8 12. Qe2 a6 13. Bd2 Nd7 14. Rfd1 Nb6
15. Rab1 Qd7 16. Be1 h6 17. h4 Na7 18. e4 Nb5 19. exd5 Nxd5 20. Nxd5 exd5 21.
Kh2 Rc4 22. b3 Rxd4 23. a4 Rxd1 24. Rxd1 Nc7 25. Ba5 Bf6 26. Bxc7 Qxc7 27. Bxd5
Bxh4 28. Qc4 Qxc4 29. Bxc4 Rd8 30. Rxd8+ Bxd8 31. Bd5 b6 32. Bc4 a5 33. g4 g6
34. Kg3 Kg7 35. f3 Bc7+ 36. Kg2 Kf6 37. Bd5 Bd6 38. Bc4 Ke7 39. Bd5 f5 40. Bc4
Kf6 41. Bb5 Kg5 42. Be8 h5 43. gxh5 gxh5 44. Bd7 h4 45. Bc8 Kf4 46. Bd7 Be7 47.
Bc8 Ke5 48. Bd7 f4 49. Bb5 Kd4 50. Bc4 Bf6 51. Be6 Ke3 52. Bd5 1/2-1/2

[Event "FIDE Open World Blitz 2021"]
[Site "Warsaw"]
[Date "2021.12.29"]
[Round "2.43"]
[White "Kobalia, Mikhail"]
[Black "Korobov, Anton"]
[Result "0-1"]
[WhiteElo "2600"]
[BlackElo "2684"]
[Annotator "ChessBase"]
[PlyCount "88"]
[EventDate "2021.12.29"]
[EventType "swiss"]
[EventCountry "POL"]
[Tiebreak "Cut1 Buchholz"]
[SourceTitle "playchess.com"]
[Source "ChessBase"]
[SourceQuality "1"]

1. e4 c5 2. Nf3 d6 3. Bb5+ Bd7 4. Bxd7+ Nxd7 5. O-O e6 6. d4 cxd4 7. Nxd4 a6 8.
c4 Rc8 9. b3 Ngf6 10. Re1 Be7 11. Bb2 O-O 12. Nc3 Qb6 13. Qd2 Rfd8 14. Rad1 Ne5
15. h3 Ng6 16. Kh1 h6 17. Qe3 Qa5 18. f4 Qh5 19. f5 Nf8 20. Kg1 e5 21. Nf3 d5
22. Qe2 Bc5+ 23. Kf1 d4 24. Nd5 Nxd5 25. cxd5 Nd7 26. Rc1 g6 27. Nxd4 Bxd4 28.
Qxh5 gxh5 29. Bxd4 Rxc1 30. Rxc1 exd4 31. Rc7 b5 32. Ke2 Ne5 33. f6 Rd6 34. Re7
Ng6 35. Re8+ Kh7 36. Kd3 Rxf6 37. Kxd4 Rf2 38. d6 Rd2+ 39. Kc5 Kg7 40. Kc6 Kf6
41. Kc7 Ne5 42. g3 Rxa2 43. b4 Rc2+ 44. Kb6 Rc6+ 0-1

[Event "FIDE Open World Blitz 2021"]
[Site "Warsaw"]
[Date "2021.12.29"]
[Round "2.44"]
[White "Anton Guijarro, David"]
[Black "Jumabayev, Rinat"]
[Result "1/2-1/2"]
[WhiteElo "2669"]
[BlackElo "2658"]
[Annotator "ChessBase"]
[PlyCount "89"]
[EventDate "2021.12.29"]
[EventType "swiss"]
[EventCountry "POL"]
[Tiebreak "Cut1 Buchholz"]
[SourceTitle "playchess.com"]
[Source "ChessBase"]
[SourceQuality "1"]

1. Nf3 d5 2. c4 c6 3. e3 Nf6 4. d4 Bf5 5. Nc3 e6 6. Nh4 Bg6 7. Nxg6 hxg6 8. h3
Nbd7 9. Bd3 Bd6 10. O-O O-O 11. Qe2 Rc8 12. Rd1 Qe7 13. e4 dxc4 14. Bxc4 e5 15.
d5 Nb6 16. Bb3 cxd5 17. Bxd5 Nfxd5 18. Nxd5 Nxd5 19. Rxd5 Bc5 20. Be3 Bxe3 21.
Qxe3 Rc2 22. Rd2 Rxd2 23. Qxd2 Rd8 24. Qe3 Rd4 25. Rc1 Qd7 26. b3 b6 27. Kh2 a5
28. Rc3 Kh7 29. a4 Qd6 30. Qf3 Qf6 31. Qxf6 gxf6 32. Rc6 Rb4 33. Rxf6 Kg7 34.
Rc6 Rxb3 35. h4 Rb4 36. f3 f5 37. h5 gxh5 38. exf5 Kf7 39. Kg3 h4+ 40. Kh3 Rxa4
41. Rxb6 Rf4 42. Ra6 a4 43. Kh2 Rd4 44. Kh3 Rf4 45. Kh2 1/2-1/2

[Event "FIDE Open World Blitz 2021"]
[Site "Warsaw"]
[Date "2021.12.29"]
[Round "2.45"]
[White "Quparadze, Giga"]
[Black "Kolosowski, Mateusz"]
[Result "1-0"]
[WhiteElo "2475"]
[BlackElo "2444"]
[Annotator "ChessBase"]
[PlyCount "99"]
[EventDate "2021.12.29"]
[EventType "swiss"]
[EventCountry "POL"]
[Tiebreak "Cut1 Buchholz"]
[SourceTitle "playchess.com"]
[Source "ChessBase"]
[SourceQuality "1"]

1. e4 e5 2. Nf3 Nc6 3. Bb5 Nge7 4. c3 d5 5. Nxe5 dxe4 6. Nxc6 Nxc6 7. Qe2 Qd5
8. Bc4 Qe5 9. d4 exd3 10. Bxd3 Qxe2+ 11. Bxe2 Bf5 12. Be3 O-O-O 13. Nd2 a6 14.
Nf3 f6 15. O-O Bd6 16. Rfd1 Rhe8 17. h3 Bc5 18. Rxd8+ Nxd8 19. Bxc5 Rxe2 20.
Nd4 Re5 21. Bf8 Ne6 22. Nxe6 Rxe6 23. Bxg7 Kd7 24. g4 Bg6 25. f3 Ke7 26. Kf2
Rb6 27. b3 Rd6 28. Bh6 Rd3 29. c4 Rc3 30. Bf4 Rc2+ 31. Kg3 c6 32. Re1+ Kd7 33.
Rd1+ Ke7 34. Bd6+ Ke8 35. Re1+ Kd7 36. c5 b5 37. Re7+ Kd8 38. Re6 Rxa2 39. Rxf6
Rb2 40. Be5 Rxb3 41. Rxc6 a5 42. Ra6 Be4 43. c6 Rxf3+ 44. Kh4 Rd3 45. c7+ Kd7
46. Rb6 Bg2 47. Rb8 Rxh3+ 48. Kg5 h6+ 49. Kg6 Be4+ 50. Kg7 1-0

[Event "FIDE Open World Blitz 2021"]
[Site "Warsaw"]
[Date "2021.12.29"]
[Round "2.46"]
[White "Maghsoodloo, Parham"]
[Black "Donchenko, Alexander"]
[Result "1/2-1/2"]
[WhiteElo "2706"]
[BlackElo "2645"]
[Annotator "ChessBase"]
[PlyCount "162"]
[EventDate "2021.12.29"]
[EventType "swiss"]
[EventCountry "POL"]
[Tiebreak "Cut1 Buchholz"]
[SourceTitle "playchess.com"]
[Source "ChessBase"]
[SourceQuality "1"]

1. d4 Nf6 2. c4 e6 3. Nc3 Bb4 4. e3 O-O 5. Bd2 b6 6. Nf3 d5 7. cxd5 exd5 8. Rc1
Bb7 9. Bd3 Re8 10. O-O Bf8 11. Ne5 c5 12. Bb5 Re6 13. f4 Nc6 14. Bxc6 Bxc6 15.
f5 Rd6 16. Be1 Be8 17. Bg3 Qc8 18. Nd3 Rd8 19. Bh4 Be7 20. Nf4 Bc6 21. Nh5 Rd6
22. dxc5 bxc5 23. Bxf6 Bxf6 24. Ne4 Be5 25. Nxd6 Bxd6 26. Qg4 Qf8 27. e4 dxe4
28. Nf6+ Kh8 29. Nxe4 Be5 30. Nxc5 Bxb2 31. Rc2 Bf6 32. Ne4 Bd4+ 33. Kh1 Bb5
34. Rfc1 Be3 35. Re1 Bd4 36. f6 g6 37. Nc3 Bd3 38. Qxd4 Bxc2 39. h3 Bf5 40. Re7
Rc8 41. Kh2 Be6 42. Qe5 Bc4 43. a3 h5 44. Ne4 Kg8 45. Rxa7 Re8 46. Re7 Ra8 47.
Nd6 Bb3 48. Re8 Rxe8 49. Qxe8 Qxe8 50. Nxe8 h4 51. g3 hxg3+ 52. Kxg3 Kh7 53.
Kf4 Kh6 54. Ng7 g5+ 55. Kg4 Kg6 56. Ne8 Ba4 57. Nd6 Bd7+ 58. Kg3 Kxf6 59. Ne4+
Kf5 60. Nc5 Bc6 61. a4 Ke5 62. a5 f5 63. a6 Kd5 64. Nd3 Kd6 65. a7 Kc7 66. Ne5
Bd5 67. Nf7 f4+ 68. Kg4 f3 69. Kg3 Kb7 70. Nxg5 Kxa7 71. h4 Kb7 72. h5 Kc8 73.
h6 Bg8 74. Nxf3 Kd7 75. Kf4 Ke7 76. Kg5 Bh7 77. Ne5 Kf8 78. Kf6 Kg8 79. Nd7 Bc2
80. Kg5 Kh7 81. Nf6+ Kh8 1/2-1/2

[Event "FIDE Open World Blitz 2021"]
[Site "Warsaw"]
[Date "2021.12.29"]
[Round "2.47"]
[White "Parligras, Mircea-Emilian"]
[Black "Gelfand, Boris"]
[Result "1/2-1/2"]
[WhiteElo "2576"]
[BlackElo "2674"]
[Annotator "ChessBase"]
[PlyCount "116"]
[EventDate "2021.12.29"]
[EventType "swiss"]
[EventCountry "POL"]
[Tiebreak "Cut1 Buchholz"]
[SourceTitle "playchess.com"]
[Source "ChessBase"]
[SourceQuality "1"]

1. d4 Nf6 2. c4 e6 3. Nc3 Bb4 4. Qc2 O-O 5. a3 Bxc3+ 6. Qxc3 d5 7. Nf3 dxc4 8.
Qxc4 b6 9. Bg5 Bb7 10. e3 Nbd7 11. Be2 c5 12. O-O h6 13. Bh4 Rc8 14. Rac1 g5
15. Bg3 Ne4 16. Rfd1 Qe7 17. dxc5 Ndxc5 18. Qb4 Nxg3 19. hxg3 Rfd8 20. Rxd8+
Rxd8 21. Rd1 Rxd1+ 22. Bxd1 Bxf3 23. gxf3 Qf6 24. Be2 Kg7 25. Kg2 Qe5 26. Qd2
Na4 27. b4 Qb2 28. Qxb2+ Nxb2 29. f4 Na4 30. fxg5 hxg5 31. f4 Nc3 32. Bd3 Kf6
33. Kf3 e5 34. fxe5+ Kxe5 35. Kg4 f6 36. Kf3 a5 37. bxa5 bxa5 38. Kg4 Nd1 39.
Kf3 f5 40. g4 fxg4+ 41. Ke2 Nc3+ 42. Kf2 Nd1+ 43. Ke2 g3 44. Kf3 g2 45. Kxg2
Nxe3+ 46. Kf3 Kd4 47. Bb5 Nc4 48. Kg4 Nxa3 49. Be8 Kc5 50. Kxg5 Nb5 51. Kf4 a4
52. Ke3 a3 53. Bf7 Nc3 54. Bb3 Kb4 55. Bf7 Nb5 56. Kd2 Nd6 57. Ba2 Ne4+ 58. Kc2
Nc5 1/2-1/2

[Event "FIDE Open World Blitz 2021"]
[Site "Warsaw"]
[Date "2021.12.29"]
[Round "2.48"]
[White "Bologan, Victor"]
[Black "Petrosyan, Manuel"]
[Result "1-0"]
[WhiteElo "2574"]
[BlackElo "2599"]
[Annotator "ChessBase"]
[PlyCount "115"]
[EventDate "2021.12.29"]
[EventType "swiss"]
[EventCountry "POL"]
[Tiebreak "Cut1 Buchholz"]
[SourceTitle "playchess.com"]
[Source "ChessBase"]
[SourceQuality "1"]

1. e4 e5 2. Nf3 Nc6 3. Bb5 a6 4. Ba4 Nf6 5. O-O b5 6. Bb3 Be7 7. Re1 d6 8. c3
O-O 9. h3 Bb7 10. d4 Re8 11. Nbd2 Bf8 12. a3 g6 13. Bc2 Bg7 14. Nf1 a5 15. a4
b4 16. d5 Nb8 17. cxb4 axb4 18. Bg5 h6 19. Bh4 Na6 20. Bd3 c6 21. dxc6 Bxc6 22.
Bxf6 Bxf6 23. Bb5 Qd7 24. Bxc6 Qxc6 25. Ne3 Kg7 26. Nd5 Bd8 27. Rc1 Qb7 28. b3
Bb6 29. Rc4 Bc5 30. Qd2 Nc7 31. Nxc7 Qxc7 32. Rd1 Qb7 33. Ne1 Bd4 34. Nc2 Bc3
35. Qd5 Qe7 36. Nxb4 Bxb4 37. Rxb4 Rab8 38. Rxb8 Rxb8 39. a5 Kg8 40. Ra1 Qa7
41. g3 Qa6 42. Qc4 Qxc4 43. bxc4 Kf8 44. a6 Ke7 45. a7 Ra8 46. Ra6 Kd7 47. Kf1
Kc7 48. Ke2 Kb7 49. Rxd6 Kxa7 50. Rd7+ Kb6 51. Rxf7 Kc5 52. Rf6 Rg8 53. Kd3 h5
54. Re6 Kb4 55. Rxe5 Rd8+ 56. Rd5 Ra8 57. Rb5+ Ka4 58. e5 1-0

[Event "FIDE Open World Blitz 2021"]
[Site "Warsaw"]
[Date "2021.12.29"]
[Round "2.49"]
[White "Jakubowski, Krzysztof"]
[Black "Bartel, Mateusz"]
[Result "0-1"]
[WhiteElo "2373"]
[BlackElo "2619"]
[Annotator "ChessBase"]
[PlyCount "112"]
[EventDate "2021.12.29"]
[EventType "swiss"]
[EventCountry "POL"]
[Tiebreak "Cut1 Buchholz"]
[SourceTitle "playchess.com"]
[Source "ChessBase"]
[SourceQuality "1"]

1. e4 e6 2. d4 d5 3. exd5 exd5 4. Nf3 Bd6 5. Bd3 Ne7 6. O-O O-O 7. Re1 Nbc6 8.
c3 Bf5 9. Bxf5 Nxf5 10. Nbd2 Qd7 11. Nf1 Rae8 12. Rxe8 Rxe8 13. Bd2 Nce7 14.
Qc2 Ng6 15. Re1 Rxe1 16. Bxe1 Nfh4 17. Nxh4 Nxh4 18. Qe2 Qe6 19. Qxe6 fxe6 20.
f3 Nf5 21. g4 Ne7 22. Bg3 Bxg3 23. Nxg3 Kf7 24. Kf2 b6 25. Ne2 c5 26. f4 Nc6
27. Ke3 Ke7 28. h4 g6 29. Ng1 Kf6 30. Nf3 h5 31. gxh5 gxh5 32. dxc5 bxc5 33.
Nd2 Kf5 34. Kf3 e5 35. fxe5 Nxe5+ 36. Kg3 Nd3 37. Nb3 c4 38. Nd4+ Ke4 39. a4
Nxb2 40. a5 Na4 41. Nb5 a6 42. Nc7 Nxc3 43. Nxa6 Nb5 44. Nb4 d4 45. Kf2 d3 46.
Ke1 c3 47. a6 Na7 48. Kd1 Kd4 49. Na2 Kc4 50. Nc1 Nc6 51. Na2 Kd4 52. Nc1 Ke3
53. Nb3 Na7 54. Na5 c2+ 55. Kc1 d2+ 56. Kxc2 Ke2 0-1